| 000 | 00725nam a22001817a 4500 | ||
|---|---|---|---|
| 003 | NUST | ||
| 040 | _a0 | ||
| 082 | _a621.382,GUL | ||
| 100 |
_aGulzar, Muhammad Tayyab _9118424 |
||
| 245 |
_aBrain - Bolt (EEG Based Mind Aid) / _cMuhammad Tayyab Gulzar, Imama Raja, Adeeba Zahra and Mudassir Hussain Saqib. (TCC-31 / BETE-56) |
||
| 264 |
_aRawalpindi _bMCS (NUST) _c2023 |
||
| 300 | _a48 p.; | ||
| 505 | _aIntroduction (Page-10), Literature Review (Page-16), Interfacing and Disease Detection (Page-19), Evaluation of Models and Code Analysis (Page-39), Conclusion (Page-44). | ||
| 650 |
_aUG EE Project _9118090 |
||
| 690 |
_aTCC-31 / BETE-56 _9118237 |
||
| 700 | _aSupervised by Imran Javaid | ||
| 942 |
_2ddc _cPR |
||
| 999 |
_c603374 _d603374 |
||